000 01290naa a22003737a 4500
001 BR8600895
003 BR-BrBNA
005 20250721154502.0
007 ta
008 250630b bl.|||m| |||| 00| 0 por d
040 _aBR-BrBNA
_bpor
_cBiblioteca Nacional de Agricultura
041 _a(Pt)
072 _aF01
_b0336
_bG514
090 _aF01 BR8600895
100 1 _aGaudencio, C. de A.
100 1 _aGazziero, D.L.P.
100 1 _aJaster, F.
100 1 _aGarcia, A.
245 1 _aDensidade de semeadura de duas cultivares de soja no sistema de semeadura direta
246 1 _a[Sowing density of two soybean cultivars in the direct sowing system]
246 1 _a[Soybean research findings 1984/85]
500 _aResultados de pesquisa de soja 1984/85 Londrina, PR (Brasil): 1985. p. 359-362 (BR8600895-AMS)
773 0 _tResultados de pesquisa de soja 1984/85
_wF01 BR8600895
_gLondrina, PR (Brasil), 1985. p. 359-362
650 _aSOJA
650 _aVARIEDADE
650 _aPLANTIO DIRETO
650 _aDENSIDADE DE SEMEADURA
650 _aESPACAMENTO
650 _aRENDIMENTO
650 _aPARANA
490 _aDocumentos - Centro Nacional de Pesquisa de Soja (Brazil)
_vno. 15
_xISSN 0101-5494
942 _cAMS
_2AGRIS
909 _a202506
_bLúcia
_c55
_dLúcia Elande
999 _c335110
_d335110